Calidad de atención en salud : Un derecho de las mujeres /
| Váldodahkki: | |
|---|---|
| Materiálatiipa: | Artihkal |
| Giella: | espánnjágiella |
| Almmustuhtton: |
Chile :
Red de Salud de las mujeres latinoamericanas y del caribe,
1997
|
MARC
| LEADER | 00000nab a22000007a 4500 | ||
|---|---|---|---|
| 008 | 150511b1997 cl ||||| |||| 00| 0 spa d | ||
| 090 | |a REVIS 15.04.04 | ||
| 100 | 1 | |9 52 |a Reyes Zapata, Hilda | |
| 245 | 1 | 0 | |a Calidad de atención en salud : Un derecho de las mujeres / |c Hilda Reyes Zapata |
| 260 | |a Chile : |b Red de Salud de las mujeres latinoamericanas y del caribe, |c 1997 | ||
| 300 | |a páginas 31-58 | ||
| 773 | 0 | |t Revista Mujer Salud |g No.4 (octubre- diciembre,1997) | |
| 942 | |h REVIS 15.04.04 |2 z |c 10 | ||
| 999 | |c 2562 |d 2562 | ||
